000
00218 a2200097 4500
001
42560
100
_a
Schramm W.V
245
_a
Conspiracy among generals
260
_a
London
_b
George Allen
_c
090
_c
26470
_d
26470
942
_a
NUST-CAE
_c
M
_c
18303
999
_c
277633
_d
277633